[Event "Kostroma Moskalev Memorial"]
[Site "Kostroma"]
[Date "2010.03.??"]
[Round "?"]
[White "Smirnov, Nikolai M"]
[Black "Morozov, Egor"]
[Result "0-1"]
[WhiteElo "1977"]
[BlackElo "1986"]
[PlyCount "84"]
[EventDate "2010.03.19"]
[EventType "swiss"]
[EventRounds "9"]
[EventCountry "RUS"]
[SourceTitle "EXT 2023"]
[Source "ChessBase"]
[SourceDate "2022.10.05"]
[SourceVersion "1"]
[SourceVersionDate "2022.10.05"]
[SourceQuality "1"]

1. d4 Nf6 2. c4 g6 3. Nc3 Bg7 4. e4 d6 5. g3 0-0 6. Bg2 e5 7. Nge2 Nbd7 8. 0-0 a5 9. h3 Re8 10. Be3 exd4 11. Nxd4 Nc5 12. Qc2 Bd7 13. Rad1 Ne6 14. Rfe1 Qc8 15. Kh2 c6 16. Nxe6 Bxe6 17. Na4 Ra6 18. Rxd6 Bf8 19. Rdd1 Bb4 20. Re2 b5 21. Nb6 Qb8 22. c5 Rxb6 23. cxb6 Bc4 24. Red2 Bxd2 25. Rxd2 Qb7 26. b3 Be6 27. e5 Nd5 28. Bxd5 Bxd5 29. Qc3 b4 30. Qd4 Qa6 31. Bh6 Qf1 32. f3 Qxf3 33. Qg1 Rxe5 34. Qg2 Qxg2+ 35. Rxg2 Bxg2 36. Kxg2 Rb5 37. Be3 f6 38. Kf3 Kf7 39. Ke4 Ke6 40. h4 c5 41. g4 Rxb6 42. Bxc5 Rc6 0-1